000 00900nam a2200217 a 4500
005 20141223150832.0
008 140129b2005 ck ||||| |||| 00| 0 spa d
040 _cCO-BoIH
041 _aspa
044 _ack
090 _aIAVH
_b01032
100 _aGallego, María Victoria
_95719
245 _aPropuesta legal para la definición del marco jurídico y la estrategia de adopción de los derechos del agricultor
260 _aBogotá
_bInstituto Alexander on Humboldt
_c2005
300 _a23 p.
520 _aAborda diferentes temáticas que se entrelazan con los derechos del agricultor y sus elementos relevantes, hace una revisión internacional sobre el desarrollo de los derechos del agricultor y presenta un programa básico para la implementación de la Norma PBI
650 _aDerechos del agricultor
_95786
650 _aNorma PBI
_95787
942 _cINFORME
_2z
945 _d2008-09-19
999 _c6594
_d6594